Science Quiz

Random Science or Math Quiz

Who Am I? Scientists, Mathematicians, and Inventors Quiz Stats

 Plays Quiz Updated Mar 29, 2018

Score 0/30 Timer 06:00
8 Plays Today
% Correct
Isaac Newton
86.5%
Leonardo da Vinci
86.5%
Alexander Graham Bell
86.4%
Stephen Hawking
85.1%
Thomas Edison
81.8%
Benjamin Franklin
79.8%
Jane Goodall
79.8%
Aristotle
78.8%
Charles Darwin
77.7%
Erwin Schrödinger
74.1%
George Washington Carver
72.7%
Alan Turing
72.1%
Nikola Tesla
70.4%
Louis Pasteur
68%
Fibonacci
67.4%
% Correct
Archimedes
66.4%
Gregor Mendel
66.4%
Euclid
65.5%
Werner Heisenberg
64.6%
Albert Einstein
64.5%
Guglielmo Marconi
62.5%
Galileo Galilei
61.8%
Michael Faraday
58.5%
Marie Curie
57.4%
Nicolaus Copernicus
57.3%
Johannes Kepler
45.5%
Ada Lovelace
41.4%
Max Planck
41%
Antoine Lavoisier
40%
Rosalind Franklin
37.5%

You're not logged in!

Compare scores with friends on all Sporcle quizzes.
OR
Log In

You Might Also Like...

Show Comments

Extras

Top Quizzes Today


Score Distribution

Your Account Isn't Verified!

In order to create a playlist on Sporcle, you need to verify the email address you used during registration. Go to your Sporcle Settings to finish the process.

Report this User

Report this user for behavior that violates our Community Guidelines.

Details: